Дело по отношению министра финансов о встреченных Псковской казенной палатой затруднениях при ревизии счетов об отоплении и осве...

Доступно только в Электронных читальных залах Найти на картеНа карте
RUSMARC
00003573nmc2a2200000 x 450
001a0c11f66-4438-4131-9c4d-39aee138e79b
00520160621140029.0
100##$a20151006l18301831k l0rusy0189 ca
1010#$arus
102##$aRU
2001#$aДело по отношению министра финансов о встреченных Псковской казенной палатой затруднениях при ревизии счетов об отоплении и освещении для войска
$j18 марта 1830 г. - 17 июля 1831 г.
251##$cДело
300##$aДело
801#0$aRU
$bРГИА
$c20151006
$gRCR
801#1$aRU
$bГлавНИВЦ
$c20151006
$2rusmarc
801#2$aRU
$bПБ им. Б.Н. Ельцина
$c20160621
$gRCR
$2rusmarc
850##$aРГИА
852##$aРГИА
$eФедеральное казенное учреждение "Российский государственный исторический архив" (РГИА)
$j592
937##$hРГИА
$d12166900
$aASBIBLIO_SCAN
461#0$10013e300ed0-cd39-49af-8489-5ba5b90fa401
$12001
$aДепартамент полиции исполнительной МВД
$1251
$cФонд
$1852
$j1286
215##$a36 л.
$d36,5х26 см
371##$aДокумент не является опубликованным и широко распространяемым
105##$ay###
1222#$ad
462#0$100100aa35af-4d9c-4c15-add6-f4c7b29d26b9
$12001
$a1830-1834 гг. Дела Департамента полиции исполнительной МВД за 1830 г.
$1251
$cОпись
$1852
$j5
035##$aa0c11f66-4438-4131-9c4d-39aee138e79b
Формат отображения